00322pab a2200121 454500008004000000100001900040245006800059260000900127300001400136362001200150650001100162773002700173180718b2008 xxu||||| |||| 00| 0 eng d aSaxena, Ashish aTradition and change among the tribal Gujjars of Jammu siwaliks c2008 ap.515-31. aOct-Dec aTribes aEastern Anthropologist